| 000 | 00868nam a22002177a 4500 | ||
|---|---|---|---|
| 003 | OSt | ||
| 005 | 20150408113914.0 | ||
| 008 | 110826s2010 jo ||||| |||| 00| 0 eng d | ||
| 040 | _cdar ajnadeen | ||
| 082 |
_221 _a005.73 _bR R D |
||
| 100 |
_aRasras, Rashad J. _93287 |
||
| 245 |
_aData Structures and an Introduction to Algorithms : Lab Manual = _bدليل التجارب في تراكيب البيانات ومقدمة الخوارزميات / _cPrepared by Rashad J. Rasras , Rushdi S. Abu Zneit. |
||
| 246 | _aدليل التجارب في تراكيب البيانات ومقدمة الخوارزميات | ||
| 250 | _a1st ed. | ||
| 260 |
_aAmman, Jordon : _bDar Aleasar, _c2010 |
||
| 300 |
_a201 p. : _bill ; _c24 cm. |
||
| 650 |
_aData Structures. _93288 |
||
| 650 |
_aAlgorithms Lab Manual. _93289 |
||
| 700 |
_aAbu Zneit, Rushdi S. _93290 |
||
| 942 |
_2ddc _cDVD |
||
| 999 |
_c13818 _d248318 |
||